| 000 | 01415nam a2200361 a 4500 | ||
|---|---|---|---|
| 001 | 000109389 | ||
| 003 | CHAP | ||
| 005 | 20220329144049.0 | ||
| 008 | 140424s2013 mx a sm |||||||spa d | ||
| 010 | _a105851 | ||
| 011 | _a106823 | ||
| 040 | _cCHAP | ||
| 090 | _aTesis | ||
| 100 | 1 |
_aLicea Rubio, Miguel de Jesús _9126600 |
|
| 245 | 1 | 0 |
_aResistencia de alpistillo (Phalaris minor Retz), en el mundicipio de Abasolo, Gto. a los herbicidas pinoxaden, flucarbazonesodio y mesosulfuron + iodosulfuron _h[En línea] _cpor Miguel de Jesús Licea Rubio. |
| 260 |
_aChapingo, Méx. : _bEl autor, _c2013. |
||
| 500 | _aPara ver el contenido del material haga clic en la liga | ||
| 502 | _aTesis (Ing. Agr. Esp. en Parasitología Agrícola) -- UACH. Departamento de Parasitología Agrícola | ||
| 590 |
_aBATCH-UPD _b05 _c20141002 _lUCH01 _h0901 |
||
| 590 |
_aE5995AHE _b05 _c20140424 _lUCH01 _h0936 |
||
| 590 |
_aE5995AHE _b05 _c20140424 _lUCH01 _h0939 |
||
| 590 |
_aE5995AHE _b05 _c20140424 _lUCH01 _h1204 |
||
| 590 |
_aE5995AHE _b05 _c20140424 _lUCH01 _h1204 |
||
| 650 | 1 | 4 |
_aControl biológico de malas hierbas. _927584 |
| 650 | 1 | 4 |
_aEnzimas. _937195 |
| 650 | 1 | 4 |
_aHerbicidas _xAplicación. _953692 |
| 650 | 1 | 4 |
_aMalas hierbas _xGuanajuato. _970019 |
| 650 | 1 | 4 |
_aPhalaris minor. _987761 |
| 856 |
_aFinding aid _uhttp://10.13.5.2/tesis/sist109389.pdf _zTeclea aquí |
||
| 901 | _aBK | ||
| 942 | _cTESIS | ||
| 942 | _n0 | ||
| 999 |
_c105851 _d105851 |
||